Conflict Without Casualties : A Field Guide for Leading with Compassionate Accountability.

When leaders learn how to manage the emotions and drama in their organizations, conflict can be made healthier. Nate Regier uses the Drama Triangle Model and the Compassion Cycle to show leaders how to exercise compassion, not passion, and turn the negative energy of conflict into a positive energy...

Full description

Bibliographic Details
Main Author: Regier, Nate.
Format: eBook
Language:English
Published: Oakland : Berrett-Koehler Publishers, Incorporated, 2017.
Edition:2nd ed.
Subjects:
Online Access:Click to View
LEADER 03283nam a22003613i 4500
001 EBC6913064
003 MiAaPQ
005 20231204023221.0
006 m o d |
007 cr cnu||||||||
008 231204s2017 xx o ||||0 eng d
020 |a 9781523082612  |q (electronic bk.) 
035 |a (MiAaPQ)EBC6913064 
035 |a (Au-PeEL)EBL6913064 
035 |a (OCoLC)980854270 
040 |a MiAaPQ  |b eng  |e rda  |e pn  |c MiAaPQ  |d MiAaPQ 
100 1 |a Regier, Nate. 
245 1 0 |a Conflict Without Casualties :  |b A Field Guide for Leading with Compassionate Accountability. 
250 |a 2nd ed. 
264 1 |a Oakland :  |b Berrett-Koehler Publishers, Incorporated,  |c 2017. 
264 4 |c Ã2017. 
300 |a 1 online resource (225 pages) 
336 |a text  |b txt  |2 rdacontent 
337 |a computer  |b c  |2 rdamedia 
338 |a online resource  |b cr  |2 rdacarrier 
505 0 |a Cover -- Half Title -- Title -- Copyright -- Dedication -- Contents -- Acknowledgments -- Introduction -- PART 1 CONFLICT WITH CASUALTIES: DRAMA IS KILLING US -- Chapter 1 Conflict: The Big Bang of Communication -- Chapter 2 Drama: Misusing the Energy of Conflict -- Chapter 3 But I'm Just Trying to Help!: Good Intentions, Unintended Consequences -- PART 2 A FRAMEWORK FOR POSITIVE CONFLICT: COMPASSIONATE ACCOUNTABILITY CAN CHANGE THE WORLD -- Chapter 4 Compassion: Not for the Faint of Heart -- Chapter 5 Compassion and the Cycles of Human Civilization: Will We Get It Right This Time? -- PART 3 CONFLICT WITHOUT CASUALTIES USER MANUAL: PUTTING NEXT ELEMENT'S COMPASSION CYCLE TO WORK -- Chapter 6 Violators Will Be Prosecuted: Three Rules of the Compassion Cycle -- Chapter 7 Warning! Drama Approaching!: Three Leading Indicators -- Chapter 8 It's All about Choices: Three Choices to Move -- Chapter 9 Coaching Accountability When There's No Drama: Match and Move -- Chapter 10 The Formula for Compassionate Conflict: Confronting Drama with Compassionate Accountability -- Chapter 11 Conflict without Casualties: Preparing to Struggle with -- Appendix A: Personal Development Guide -- Appendix B: Preparing for Conflict: Building My ORPO Bank -- Notes -- Glossary of Terms and Phrases -- C -- D -- F -- K -- M -- O -- P -- R -- T -- V -- Index -- A -- B -- C -- D -- E -- F -- G -- H -- I -- J -- K -- L -- M -- N -- O -- P -- R -- S -- T -- U -- V -- W -- Z -- About the Author. 
520 |a When leaders learn how to manage the emotions and drama in their organizations, conflict can be made healthier. Nate Regier uses the Drama Triangle Model and the Compassion Cycle to show leaders how to exercise compassion, not passion, and turn the negative energy of conflict into a positive energy for increased productivity and growth. 
588 |a Description based on publisher supplied metadata and other sources. 
590 |a Electronic reproduction. Ann Arbor, Michigan : ProQuest Ebook Central, 2023. Available via World Wide Web. Access may be limited to ProQuest Ebook Central affiliated libraries.  
655 4 |a Electronic books. 
776 0 8 |i Print version:  |a Regier, Nate  |t Conflict Without Casualties  |d Oakland : Berrett-Koehler Publishers, Incorporated,c2017 
797 2 |a ProQuest (Firm) 
856 4 0 |u https://ebookcentral.proquest.com/lib/matrademy/detail.action?docID=6913064  |z Click to View